000 01512nam a2200349 i 4500
001 000045631
003 DO-SdBNP
005 20240307073949.0
007 ta
008 150417m19591989dr cd 000 0 spa d
040 _aDO-SdBNP
_bspa
_cBNPHU
_erda
082 4 _a972.93053
_bC794a, 1989
_222
100 1 _aCordero Michel, José R.,
_d1931-1959
_946170
245 1 0 _aAnálisis de la era de Trujillo :
_binforme sobre la República Dominicana, 1959 /
_cJosé R. Cordero Michel.
250 _a6a. ed.
264 _aSanto Domingo :
_bUniversitaria-UASD,
_c1989.
300 _a109 p. :
_bil.,, grafcs., retrs.,
_c22 cm.
490 1 _aPublicaciones de la Universidad Autónoma de Santo Domingo
_v169
490 1 _aHistoria y sociedad ;
_v15
500 _aIncluye datos biográficos del autor en la contracubierta.
500 _aIncluye referencias bibliográficas y notas al pie de las páginas.
504 _aBibliografía : p. 105-109
590 _aInventariado 2023 / MF
650 4 _aEducación
_zRepública Dominicana
_xHistoria
_yEra de Trujillo, 1930-1961
_983062
651 4 _aRepública Dominicana
_xHistoria
_yEra de Trujillo, 1930-1961
651 4 _aRepública Dominicana
_xPolítica y gobierno
_yEra de Trujillo, 1930-1961
710 1 _aUniversidad Autónoma de Santo Domingo
_972951
830 0 _aPublicaciones de la Universidad Autónoma de Santo Domingo ;
_n169
_973697
830 0 _ahistoria y sociedad ;
_n15
_973698
910 _aMFeliz/Validado. Control de calidad MFF
942 _2ddc
_cLBS1
999 _c45120
_d45120